Modelo de Tecnología de Información, del Centro Nacional de Despacho de Carga (CNDC), con una visión organizativa

Este pretende Modelar Tecnología de Información del Centro Nacional de Despacho de Carga con una visión organizativa. Conocer el funcionamiento de una organización estatal, como el Centro Nacional de Despacho de Carga (CNDC), quien controla y administra recursos en tiempo real. Conocer los pri...

Full description

Bibliographic Details
Main Author: Carvajal Herradora, Luis Manuel
Other Authors: Tutor: Zelaya Zelaya, Rody Alberto
Format: Tesis Section = Libro
Language:Undetermined
Spanish
Published: Managua UNI 2006
Subjects:
LEADER 01534nam a2200265Ia 4500
008 240830s9999 xx 000 0 und d
040 |a BIBLIOTECA-RUSB/ Mon 621.382 C331 
041 |a spa 
082 |a Mon 621.382 C331 
100 1 |a Carvajal Herradora, Luis Manuel 
245 1 0 |a Modelo de Tecnología de Información, del Centro Nacional de Despacho de Carga (CNDC), con una visión organizativa 
260 |a Managua  |b UNI  |c 2006 
300 |a 57 p. :il. 
500 |a Contiene: anexos e Incluye: CD. 
502 |a Tesis (Ingeniero Electrónico) - UNI, 2006. 
520 3 |a Este pretende Modelar Tecnología de Información del Centro Nacional de Despacho de Carga con una visión organizativa. Conocer el funcionamiento de una organización estatal, como el Centro Nacional de Despacho de Carga (CNDC), quien controla y administra recursos en tiempo real. Conocer los principales recursos humanos, recursos materiales y recursos tecnológicos, con que cuenta la organización CNDC, para el control y administración del mercado eléctrico. Modelar interrelaciones del CNDC, que intervienen en el Mercado Eléctrico, desde un punto de vista organizativo. 
650 7 |a TECNOLOGIA DE LA INFORMACION 
650 7 |b  ADMINISTRACION DE LOS RECURSOS DE INFORMACION-ORGANIZACIÓN 
650 7 |c  MERCADOS ELECTRONICOS-NICARAGUA 
650 7 |d  SISTEMAS DE TELECOMUNICACIONES 
650 7 |e  GESTION DE DATOS-INFORMACIONES 
700 1 |a Tutor:  |b Zelaya Zelaya, Rody Alberto 
942 |c BK  |2 ddc 
991 |a TESIS 
999 |c 20258